Introduction to Estimating for Construction (Record no. 114980)

MARC details
000 -LEADER
fixed length control field 01238cam a22002415a 4500
001 - CONTROL NUMBER
control field L157814
008 - FIXED-LENGTH DATA ELEMENTS--GENERAL INFORMATION
fixed length control field 130529s2013 xxk f 000 0 eng d
020 ## - INTERNATIONAL STANDARD BOOK NUMBER
International Standard Book Number 9780415509879
035 ## - SYSTEM CONTROL NUMBER
System control number (Sirsi) u157814
041 0# - LANGUAGE CODE
Language code of text/sound track or separate title eng
050 04 - LIBRARY OF CONGRESS CALL NUMBER
Classification number 692.5 $2 18
100 1# - MAIN ENTRY--PERSONAL NAME
Personal name Greenhalgh, Brian
245 00 - TITLE STATEMENT
Title Introduction to Estimating for Construction
260 ## - PUBLICATION, DISTRIBUTION, ETC.
Place of publication, distribution, etc. Oxon
Name of publisher, distributor, etc. Routledge
Date of publication, distribution, etc. 2013
350 ## - PRICE (NR) (BK AM CF MU VM SE) [OBSOLETE]
Price 24.99
505 2# - FORMATTED CONTENTS NOTE
Formatted contents note Introduction to estimating construction work -- The nature of costs in construction -- Early contractor involvement in tendering procedures -- The stages of development of construction projects -- Estimating techniques at inception and desing stages -- Estimating techniques at design completion stage -- Conversion of a contractor's estimate -- The construction stage -- Other costs applicapble to construction work
520 ## - SUMMARY, ETC.
Summary, etc. This is an easy to read introduction to building estimating for undergraduate students, or anyone working in a quantity surveying or construction commercial management role who needs a quick reference.
650 24 - SUBJECT ADDED ENTRY--TOPICAL TERM
Topical term or geographic name entry element BUILT ENVIRONMENT-QUANTITY SURVEYING-CONSTRUCTION COST ESTIMATING
651 #4 - SUBJECT ADDED ENTRY--GEOGRAPHIC NAME
Geographic name ENGLAND AND WALES
690 ## - LOCAL SUBJECT ADDED ENTRY--TOPICAL TERM (OCLC, RLIN)
Topical term or geographic name as entry element Quantity Surveying
9 (RLIN) 6263
942 ## - ADDED ENTRY ELEMENTS (KOHA)
Suppress in OPAC 0
Holdings
Withdrawn status Lost status Source of classification or shelving scheme Damaged status Not for loan Home library Current library Shelving location Date acquired Total Checkouts Full call number Barcode Date last seen Copy number Price effective from Koha item type
    Dewey Decimal Classification     London London Books 29/05/2013   692.5 GRE 30075000 06/08/2019 1 06/08/2019 Book